Top 5 en Europa - Estadísticas

Estadísticas generales
  • Esta prueba ha sido intentada 325 veces
  • La puntuación promedio es 53 de 60
Estadísticas de respuestas
Respuesta % Correcto
Más grande en tamaño España
99%
Productor de vino España
99%
Fabricante de automóviles España
99%
Fuerza militar Francia
99%
Más grande en tamaño Francia
99%
Mayor en poblacion Francia
99%
Productor de manzana Francia
99%
Productor de vino Francia
99%
Fabricante de automóviles Francia
99%
Punto mas alto Francia
99%
Punto más bajo Francia
99%
Fuerza militar Italia
98%
Mayor en poblacion Italia
98%
Productor de manzana Italia
98%
Productor de vino Italia
98%
Punto mas alto Italia
98%
Fuerza militar Alemania
97%
Mayor en poblacion Alemania
97%
Productor de vino Alemania
97%
Productor de centeno Alemania
97%
Fabricante de automóviles Alemania
97%
Fuerza militar Rusia
97%
Más grande en tamaño Rusia
97%
Mayor en poblacion Rusia
97%
Productor de manzana Rusia
97%
Productor de centeno Rusia
97%
Productor de avena Rusia
97%
Productor de aceite Rusia
97%
Punto mas alto Rusia
97%
Punto más bajo Rusia
97%
Fuerza militar Reino Unido
95%
Mayor en poblacion Reino Unido
95%
Productor de avena Reino Unido
95%
Fabricante de automóviles Reino Unido
95%
Productor de aceite Reino Unido
95%
Más grande en tamaño Suecia
92%
Productor de avena Suecia
92%
El mayor porcentaje de energía renovable Suecia
92%
Más grande en tamaño Ucrania
91%
Productor de manzana Ucrania
91%
Productor de centeno Ucrania
91%
Productor de aceite Noruega
88%
El mayor porcentaje de energía renovable Noruega
88%
Productor de avena Finlandia
84%
El mayor porcentaje de energía renovable Finlandia
84%
Productor de manzana Polonia
83%
Productor de centeno Polonia
83%
Productor de avena Polonia
83%
Productor de vino Portugal
83%
Punto mas alto Suiza
83%
Productor de aceite Dinamarca
75%
Punto más bajo Dinamarca
75%
Punto más bajo Países Bajos
75%
Punto mas alto Austria
74%
El mayor porcentaje de energía renovable Islandia
65%
Productor de aceite Rumania
65%
Fabricante de automóviles Republica checa
56%
Productor de centeno Bielorrusia
52%
Punto más bajo Lituania
45%
El mayor porcentaje de energía renovable Albania
31%
No se encontraron pruebas coincidentes
Distribución de puntuación
Porcentaje de gente con cada puntuación
Porcentaje por número respondido
Historial de tus puntuaciones
No has intentado esta prueba.